Využitie dynamických tabuliek v praxi bakalárska práca

Guardado en:
Detalles Bibliográficos
Autor principal: Lenghartová, Petra
Autor Corporativo: Fakulta podnikového manažmentu EU. Katedra informačného manažmentu
Otros Autores: Černý, Matej, 1982-
Formato: Libro
Lenguaje:eslovaco
Publicado: Bratislava 2019
Etiquetas: Agregar Etiqueta
Sin Etiquetas, Sea el primero en etiquetar este registro!

MARC

LEADER 00000nbm a2200000 4500
001 0257834
005 20191107142455.8
041 0 |a slo 
044 |a SK 
245 1 0 |a Využitie dynamických tabuliek v praxi  |b bakalárska práca  |c Petra Lenghartová ; školiteľ: Matej Černý 
264 1 |a Bratislava  |c 2019 
300 |a 42 s. 
100 1 |a Lenghartová, Petra 
700 1 |a Černý, Matej, 1982- 
710 2 |a Fakulta podnikového manažmentu EU. Katedra informačného manažmentu